<?xml version="1.0" encoding="UTF-8"?>
<record
    xmlns:xsi="http://www.w3.org/2001/XMLSchema-instance"
    xsi:schemaLocation="http://www.loc.gov/MARC21/slim http://www.loc.gov/standards/marcxml/schema/MARC21slim.xsd"
    xmlns="http://www.loc.gov/MARC21/slim">

  <leader>00928nam a2200253 i 4500</leader>
  <controlfield tag="001">11245</controlfield>
  <controlfield tag="003">ES-MaACL</controlfield>
  <controlfield tag="005">20250122114028.0</controlfield>
  <controlfield tag="007">t|</controlfield>
  <controlfield tag="008">960327s1995    xxu          |||| | spa d</controlfield>
  <datafield tag="020" ind1=" " ind2=" ">
    <subfield code="a">0-8213-2893-X</subfield>
  </datafield>
  <datafield tag="080" ind1=" " ind2=" ">
    <subfield code="a">331(100)"1995"</subfield>
  </datafield>
  <datafield tag="245" ind1="0" ind2="0">
    <subfield code="a">Informe sobre el desarrollo mundial 1995 </subfield>
    <subfield code="b">: el mundo del trabajo en una econom&#xED;a integrada.</subfield>
  </datafield>
  <datafield tag="250" ind1=" " ind2=" ">
    <subfield code="a">1&#xAA; ed.</subfield>
  </datafield>
  <datafield tag="260" ind1=" " ind2=" ">
    <subfield code="a">Washington D.C. : </subfield>
    <subfield code="b">Banco Internacional de Reconstrucci&#xF3;n y Fomento / Banco Mundial, </subfield>
    <subfield code="c">1995.</subfield>
  </datafield>
  <datafield tag="300" ind1=" " ind2=" ">
    <subfield code="a">X, 275 p. ; </subfield>
    <subfield code="c">27 cm.</subfield>
  </datafield>
  <datafield tag="650" ind1=" " ind2="4">
    <subfield code="a">Desarrollo econ&#xF3;mico-</subfield>
    <subfield code="z">Pa&#xED;ses en desarrollo.</subfield>
    <subfield code="9">161758</subfield>
  </datafield>
  <datafield tag="651" ind1=" " ind2="4">
    <subfield code="a">Pa&#xED;ses en desarrollo-</subfield>
    <subfield code="x">Situaci&#xF3;n econ&#xF3;mica.</subfield>
    <subfield code="9">9186</subfield>
  </datafield>
  <datafield tag="651" ind1=" " ind2="4">
    <subfield code="a">Pa&#xED;ses en desarrollo-</subfield>
    <subfield code="x">Situaci&#xF3;n social.</subfield>
    <subfield code="9">15794</subfield>
  </datafield>
  <datafield tag="710" ind1="2" ind2=" ">
    <subfield code="a">Banco Internacional de Reconstrucci&#xF3;n y Fomento.</subfield>
    <subfield code="9">167953</subfield>
  </datafield>
  <datafield tag="852" ind1=" " ind2=" ">
    <subfield code="a">ES-MaACL</subfield>
    <subfield code="j">L-18653</subfield>
    <subfield code="9">11546 </subfield>
    <subfield code="z">Expurgado: 22-1-2025</subfield>
  </datafield>
  <datafield tag="942" ind1=" " ind2=" ">
    <subfield code="2">udc</subfield>
  </datafield>
  <datafield tag="999" ind1=" " ind2=" ">
    <subfield code="c">11245</subfield>
    <subfield code="d">11245</subfield>
  </datafield>
</record>
